<?xml version="1.0" encoding="UTF-8"?>
<marc:record xmlns:marc="http://www.loc.gov/MARC21/slim">
   <marc:leader>00000nam a2200000 a 4500</marc:leader>
   <marc:datafield ind1="1" ind2=" " tag="100">
      <marc:subfield code="a">John, Elton</marc:subfield>
      <marc:subfield code="4">aut</marc:subfield>
      <marc:subfield code="e">Verfasser/-in</marc:subfield>
   </marc:datafield>
   <marc:datafield ind1="1" ind2=" " tag="100">
      <marc:subfield code="a">Gross, Torsten</marc:subfield>
   </marc:datafield>
   <marc:datafield ind1="1" ind2=" " tag="100">
      <marc:subfield code="a">Fricke, Harriet</marc:subfield>
   </marc:datafield>
   <marc:datafield ind1="1" ind2=" " tag="100">
      <marc:subfield code="a">Glietsch, Stephan</marc:subfield>
   </marc:datafield>
   <marc:datafield ind1="1" ind2=" " tag="100">
      <marc:subfield code="a">Wittenberg, Erich</marc:subfield>
   </marc:datafield>
   <marc:datafield ind1="0" ind2="0" tag="245">
      <marc:subfield code="a">Ich: Die Autobiografie</marc:subfield>
   </marc:datafield>
   <marc:datafield ind1=" " ind2="1" tag="264">
      <marc:subfield code="b">John Verlag</marc:subfield>
      <marc:subfield code="c">2019</marc:subfield>
   </marc:datafield>
   <marc:datafield ind1="1" ind2=" " tag="520">
      <marc:subfield code="a">Er ist Musikgenie, Paradiesvogel und einer der erfolgreichsten Künstler aller Zeiten. "Your Song", "Tiny Dancer" und "Candle in the Wind" sind nur einige von unzähligen Hits seiner beispiellosen Karriere. Erstmals erzählt Pop-Legende Elton John jetzt die Geschichte seines wechselhaften Lebens. Von seinen Anfängen als Musikstudent und seinem Coming-out, vom Höhepunkt seiner Karriere in den 70ern, von seiner Freundschaft zu John Lennon und Prinzessin Diana, von seiner jahrelangen Drogensucht und vom lang ersehnten persönlichen Glück - schonungslos offen blickt Sir Elton John zurück auf ein halbes Jahrhundert Musikgeschichte.</marc:subfield>
   </marc:datafield>
   <marc:datafield ind1=" " ind2=" " tag="020">
      <marc:subfield code="a">9783963841293</marc:subfield>
      <marc:subfield code="9">9783963841293</marc:subfield>
   </marc:datafield>
   <marc:datafield ind1="0" ind2=" " tag="490">
      <marc:subfield code="v">0</marc:subfield>
   </marc:datafield>
   <marc:datafield ind1=" " ind2=" " tag="300">
      <marc:subfield code="a">858 Min.</marc:subfield>
   </marc:datafield>
</marc:record>
